banner koha

Maturacao de semente de sorgo, Sorghum bicolor (L.)Moench [Pentecoste, Ceara, Brasil] (Registro n. 21188)

MARC details
000 -LÍDER
campo de controle de tamanho fixo 00981nam a22003137a 4500
001 - NÚMERO DE CONTROLE
campo de controle BR7503488
003 - IDENTIFICADOR DO NÚMERO DE CONTROLE
campo de controle BR-BrBNA
005 - DATA E HORÁRIO DA ÚLTIMA TRANSAÇÃO
campo de controle 20230928084813.0
007 - CAMPO FIXO DE DESCRIÇÃO FÍSICA--INFORMAÇÃO GERAL
campo de controle de tamanho fixo ta
008 - CAMPO DE DADOS FIXOS--INFORMAÇÃO GERAL
campo de controle de tamanho fixo 230509b bl.||||| |||| 00| 0 por d
040 ## - FONTE DA CATALOGAÇÃO
Instituição da catalogação original BR-BrBNA
Idioma da catalogação por
Instituição que transcreveu o registro Biblioteca Nacional de Agricultura
041 ## - CÓDIGO DE IDIOMA
Código do idioma do texto/trilha sonora ou título diferente (Por)
072 ## - CÓDIGO DE CATEGORIA DE ASSUNTO
Código de Categoria de Assunto F00
Código do objeto 0170
-- 3575
-- /G514
090 ## - NÚMERO DE CHAMADA LOCAL
-- 0170 BR7503488
100 1# - ENTRADA PRINCIPAL--NOME PESSOAL
Nome pessoal Castro, J.R. de
110 1# - ENTRADA PRINCIPAL--NOME CORPORATIVO
Nome corporativo ou nome da jurisdição Universidade Federal do Ceara, Fortaleza (Brasil). Centro de Ciencias Agrarias. Depto. de Fitotecnia
Grau Universitário Tese (Mestre em Fitotecnia)
245 1# - TÍTULO
Título Maturacao de semente de sorgo, Sorghum bicolor (L.)Moench [Pentecoste, Ceara, Brasil]
260 3# - PUBLICAÇÃO, DISTRIBUIÇÃO, ETC.
Local de publicação, distribuição, etc. Fortaleza, CE (Brasil):
Data da publicação, distribuição, etc. 1975.
300 ## - DESCRIÇÃO FÍSICA
Extensão 31 p.
500 ## - NOTA GERAL
Nota geral Summary (Por); 7 illus.; 9 tables; 32 ref.
650 ## - ASSUNTO--TERMO TÓPICO
Cabeçalho tópico ou nome geográfico SORGO GRANIFERO
650 ## - ASSUNTO--TERMO TÓPICO
Cabeçalho tópico ou nome geográfico MATURACAO
650 ## - ASSUNTO--TERMO TÓPICO
Cabeçalho tópico ou nome geográfico SEMENTE
650 ## - ASSUNTO--TERMO TÓPICO
Cabeçalho tópico ou nome geográfico GERMINACAO
650 ## - ASSUNTO--TERMO TÓPICO
Cabeçalho tópico ou nome geográfico PENTECOSTE
650 ## - ASSUNTO--TERMO TÓPICO
Cabeçalho tópico ou nome geográfico CEARA
909 ## -
-- 202309
-- Lucia
-- 55
-- Lucia Elande
942 ## - ELEMENTOS DE ENTRADA ADICIONADOS (KOHA)
Tipo de material Koha Livros
Exemplares
Situação do descarte Fonte da classificação ou esquema de arquivamento na estante Situação física Não pode ser emprestado Coleção Biblioteca de origem Biblioteca atual Total de empréstimos Número de telefone completo Código de barras Data de último acesso Número do exemplar Tipo de material Koha Situação das perdas Data de aquisição Fonte de aquisição
  Classificação AGRIS       Biblioteca Nacional de Agricultura - Binagri Biblioteca Nacional de Agricultura - Binagri   0170 BR7503488 0170 BR7503488 25/09/2023 01 Livros   2023-09-25 Portaria Interministerial nº 164/94

BINAGRI

Telefone: (61)3218-2567/2388/3357/2097 - binagri@agro.gov.br

Ministério da Agricultura e Pecuária , Esplanada dos Ministérios, Bloco D, Anexo B, Brasília/DF, CEP: 70.043-900